| 000 | 00479nam a2200157 a 4500 | ||
|---|---|---|---|
| 001 | 5099 | ||
| 003 | CDMR | ||
| 005 | 20131002130632.0 | ||
| 008 | 130130s1961||||||||||||||||||||||||||||d | ||
| 040 |
_aCDMR _bcat _cCDMR |
||
| 111 | 2 |
_94018 _aSemaine Sociale Universitaire _d1960 _n28a |
|
| 245 | 1 | 3 |
_aLa télévision _b: XXVIIe Semaine Sociale Universitaire |
| 260 |
_aBruxelles _c1961 _bUniversité Libre de Bruxelles. Institut de Sociologie Solvay |
||
| 300 | _a250 p. | ||
| 942 |
_cMON _2udc |
||
| 999 |
_c5099 _d5099 |
||